<?xml version="1.0" encoding="UTF-8"?>
<record
    xmlns:xsi="http://www.w3.org/2001/XMLSchema-instance"
    xsi:schemaLocation="http://www.loc.gov/MARC21/slim http://www.loc.gov/standards/marcxml/schema/MARC21slim.xsd"
    xmlns="http://www.loc.gov/MARC21/slim">

  <leader>03506nab a2200313 i 4500</leader>
  <controlfield tag="003">BR-BrBNA</controlfield>
  <controlfield tag="005">20240815135623.0</controlfield>
  <controlfield tag="008">240815b2017    bl.qr|pooa||| 00| 0 por |</controlfield>
  <datafield tag="040" ind1=" " ind2=" ">
    <subfield code="a">BR-BrBNA</subfield>
    <subfield code="b">por</subfield>
  </datafield>
  <datafield tag="072" ind1=" " ind2=" ">
    <subfield code="a">F60</subfield>
  </datafield>
  <datafield tag="100" ind1=" " ind2=" ">
    <subfield code="a">Sousa, A.P.</subfield>
  </datafield>
  <datafield tag="100" ind1=" " ind2=" ">
    <subfield code="a">Nascimento, E.S.</subfield>
  </datafield>
  <datafield tag="100" ind1=" " ind2=" ">
    <subfield code="a">Madruga, M.S.</subfield>
  </datafield>
  <datafield tag="100" ind1=" " ind2=" ">
    <subfield code="a">Lima, E.O.</subfield>
  </datafield>
  <datafield tag="100" ind1=" " ind2=" ">
    <subfield code="a">Silva, D.F.</subfield>
  </datafield>
  <datafield tag="100" ind1=" " ind2=" ">
    <subfield code="a">Gadelha, T.S.</subfield>
  </datafield>
  <datafield tag="100" ind1=" " ind2=" ">
    <subfield code="a">Gadelha, C.A.A.</subfield>
  </datafield>
  <datafield tag="245" ind1=" " ind2=" ">
    <subfield code="a">Determina&#xE7;&#xE3;o do potencial antioxidante, antibacteriano e antif&#xFA;ngico da fra&#xE7;&#xE3;o proteica dioscorina de inhame (Dioscorea cayennensis)</subfield>
  </datafield>
  <datafield tag="500" ind1=" " ind2=" ">
    <subfield code="a">Publica&#xE7;&#xE3;o on-line; 47 ref.; 1 table; 1 illus.; Summaries (En, Pt)</subfield>
  </datafield>
  <datafield tag="520" ind1=" " ind2=" ">
    <subfield code="a">

RESUMO: 

O objetivo deste trabalho foi avaliar a a&#xE7;&#xE3;o da fra&#xE7;&#xE3;o proteica dioscorina
(FPD) presente nos tub&#xE9;rculos de D. cayennensis frente a cepas de microrganismos 
(bact&#xE9;rias e fungos), bem como determinar o seu potencial antioxidante. O
isolamento da FPD foi realizado com a extra&#xE7;&#xE3;o proteica em Tris-HCl 0,05M pH
8,3, seguido de precipita&#xE7;&#xE3;o em Sulfato de Am&#xF4;nio (F45-75). Foi determinada a 
atividade antioxidante pelos m&#xE9;todos de ABTS e DPPH. Devido &#xE0; presen&#xE7;a de maior
teor de amino&#xE1;cidos espec&#xED;ficos (&#xC1;cido glut&#xE2;mico, &#xC1;cido Asp&#xE1;rtico e Arginina), a
FPD demonstrou um relevante potencial de sequestro de radicais livres, sugerindo
que a intera&#xE7;&#xE3;o destes amino&#xE1;cidos parece atuar em mol&#xE9;culas reativas tornando-
-as est&#xE1;veis. Por fim, na avalia&#xE7;&#xE3;o da atividade antibacteriana e antif&#xFA;ngica do
extrato total e da FPD frente a diferentes cepas de micro-organismos, foi detectado
potencial antibacteriano entre 50-500 &#xB5;g/mL de prote&#xED;na para inibi&#xE7;&#xE3;o do crescimento 
da cepa L. monocytogenes.

Palavras-chaves: Prote&#xED;nas, atividades biol&#xF3;gicas, Dioscorina</subfield>
  </datafield>
  <datafield tag="520" ind1=" " ind2=" ">
    <subfield code="a">

ABSTRACT: 

Determination of the antioxidant, antibacterial and antifungal potential of the dioscorin 
protein fraction of yam (Dioscorea cayennensis). The
aim of this work was to evaluate the action of the dioscorin protein fraction (DPF)
present in the tubers of D. cayennensis against strains of microorganisms (bacteria
and fungi) as well as to determine their antioxidant potential. Isolation of DPF was
performed with protein extraction in 0.05M Tris-HCl pH 8.3, followed by precipitation
in Ammonium Sulfate (F45-75). The antioxidant activity was estimated by the ABTS
and DPPH methods. Due to the presence of a higher content of specific amino
acids (glutamic acid, aspartic acid and arginine), DPF demonstrated a relevant free
radical sequestration potential, suggesting that the interaction of these amino acids
seems to act on reactive molecules, making them stable. Finally, in the evaluation
of the antibacterial and antifungal activity of the total extract and DPF against different 
strains of microorganisms, an antibacterial potential was detected between
50-500 &#x3BC;g / mL of protein to inhibit the growth of the L. monocytogenes strain.

Keywords: Proteins, Biological activites, Dioscorina.
</subfield>
  </datafield>
  <datafield tag="650" ind1=" " ind2=" ">
    <subfield code="a">INHAME</subfield>
  </datafield>
  <datafield tag="650" ind1=" " ind2=" ">
    <subfield code="a">ANTIOXIDANTE</subfield>
  </datafield>
  <datafield tag="650" ind1=" " ind2=" ">
    <subfield code="a">PROTE&#xCD;NA VEGETAL</subfield>
  </datafield>
  <datafield tag="773" ind1="0" ind2=" ">
    <subfield code="0">3543</subfield>
    <subfield code="9">317175</subfield>
    <subfield code="d">Botucatu-SP Instituto de Bioci&#xEA;ncias - Departamento de Qu&#xED;mica e Bioqu&#xED;mica 1998</subfield>
    <subfield code="o">2024-3799</subfield>
    <subfield code="t">Revista Brasileira de Plantas Medicinais (Brazil)</subfield>
    <subfield code="x">1516-0572</subfield>
    <subfield code="g">v. 19(3) p. 457-465; (2017)</subfield>
    <subfield code="w">BR2024002135</subfield>
  </datafield>
  <datafield tag="856" ind1=" " ind2=" ">
    <subfield code="u">https://www.sbpmed.org.br/admin/files/papers/file_fTQd66hz6jX3.pdf</subfield>
  </datafield>
  <datafield tag="942" ind1=" " ind2=" ">
    <subfield code="c">Anal&#xED;tica</subfield>
  </datafield>
  <datafield tag="999" ind1=" " ind2=" ">
    <subfield code="c">300909</subfield>
    <subfield code="d">300909</subfield>
  </datafield>
</record>
